Vấn đề thi pháp trong những người khốn khổ của Victor Hugo

Tổng quan về những vấn đề thi pháp. Biểu hiện thi pháp trong những người khốn khổ. Đóng góp của Victor Hugo nhìn từ phương diện thi pháp qua tiểu thuyết Những người khốn khổ

Đã lưu trong:
Bibliografiske detaljer
Hovedforfatter: Hoàng Hồng Nhung
Andre forfattere: Nguyễn Khắc Sính TS (Hướng dẫn)
Format: Bog
Sprog:Vietnamese
Udgivet: Đại học Đà Nẵng Đại học sư phạm 2008
Fag:
Tags: Tilføj Tag
Ingen Tags, Vær først til at tagge denne postø!
Thư viện lưu trữ: Mạng thư viện Đại học Đà Nẵng
LEADER 01457nam a2200349 4500
001 000010906
003 7129
005 20111223091220.0
008 111223s2008 viesd
041 |a vie 
072 |a Khóa luận tốt nghiệp 
082 |a 843  |b HO-N 
100 |a Hoàng Hồng Nhung 
245 |a Vấn đề thi pháp trong những người khốn khổ của Victor Hugo  |c Hoàng Hồng Nhung 
260 |a Đại học Đà Nẵng  |b Đại học sư phạm  |c 2008 
300 |a 61tr.  |c 29 cm 
500 |a Khóa luận tốt nghiệp. Chuyên ngành cử nhân Văn 
520 |a Tổng quan về những vấn đề thi pháp. Biểu hiện thi pháp trong những người khốn khổ. Đóng góp của Victor Hugo nhìn từ phương diện thi pháp qua tiểu thuyết Những người khốn khổ 
653 |a Thi pháp 
653 |a Khóa luận tốt nghiệp 
653 |a Tiểu thuyết 
700 |a Nguyễn Khắc Sính  |c TS  |e Hướng dẫn 
OWN |a LSP 
AVA |a UDN50  |b LSP  |d 843 HO-N  |e available  |t Error 5001 Not defined in file expand_doc_bib_avail.  |f 1  |g 0  |h N  |i 0  |k 1 
999 |a From the UDN01 
AVA |a UDN50  |b LSP  |d 843 HO-N  |e available  |t Error 5001 Not defined in file expand_doc_bib_avail.  |f 1  |g 0  |h N  |i 0  |k 1 
TYP |a Monograph 
TYP |a Printed language 
980 |a Mạng thư viện Đại học Đà Nẵng